Disney Song with no hints! - Statistics

General Stats
  • This quiz has been taken 1,251 times
  • The average score is 132 of 249
Answer Stats
Answer % Correct
a
97%
I
97%
the
92%
The
92%
you
88%
You
88%
be
86%
be,
86%
to
78%
do
75%
it
75%
on
75%
of
73%
in
72%
and
71%
are
71%
What
71%
what
71%
can
70%
who
69%
that
67%
want
67%
where
67%
world
67%
my
65%
see
64%
they
64%
your
64%
could
63%
love?
63%
Love
63%
No
63%
would
61%
Part
60%
them?
58%
this
58%
Up
58%
up
58%
all
57%
at
57%
people
57%
walk
57%
day
54%
for
54%
how
54%
wish
54%
Wish
54%
one
52%
sun
52%
girl?
51%
girl
51%
has
51%
if
51%
I'm
50%
look
49%
Look
49%
But
47%
don't
47%
feet
47%
think
47%
call
46%
know
46%
Oh
46%
run
46%
why
46%
got
45%
dancing
44%
everything?
44%
everything
44%
their
44%
get
43%
isn't
43%
out
43%
Out
43%
too
43%
I've
42%
sea
42%
stay
42%
wouldn't
42%
Wouldn't
42%
around
41%
give
41%
more
40%
those
40%
complete?
39%
free
39%
neat?
39%
stuff
39%
collection's
38%
here
38%
plenty
38%
What's
38%
legs
37%
live
37%
Walking
37%
far,
36%
some
36%
big
35%
gadgets
35%
hold?
35%
many
35%
twenty
35%
cares?
34%
gizmos
34%
deal,
33%
'em
33%
galore
33%
treasures
33%
word?
33%
does
32%
cavern
31%
fins
31%
sand?
31%
she's
31%
spend
31%
Street
31%
these
31%
untold
31%
wonders
31%
land
30%
swimming
29%
thingamabobs?
29%
trove,
29%
again?
28%
down
28%
fire
28%
Flipping
28%
Looking
28%
stand
28%
Wandering
28%
Bet
27%
daughters
27%
jumping,
27%
ready
27%
required
27%
sick
27%
sure,
27%
Burn?
26%
waters?
26%
above?
25%
Ask
25%
warm
25%
reprimand
24%
women
24%
you'd
24%
young
24%
Bright
23%
strolling
23%
understand
23%
along
22%
answers
22%
explore
22%
questions
22%
turn?
22%
pay
21%
shore
21%
whatzits
21%
When's
21%
whozits
21%
Betcha
18%
called
16%
No matching quizzes found
Score Distribution
Percent of People with Each Score
Percentile by Number Answered
Your Score History
You have not taken this quiz